000 00318nam a22001337a 4500
008 170620b xxu||||| |||| 00| 0 eng d
020 _a9780618271047
041 _aeng
080 _27TH
_a32
100 _a20
101 _aSHP
245 _aWESTERN CIVILIZATION IDEAS , POLITICS & SOCIETY
_cPERRY.M
942 _2udc
_cBK
999 _c18221
_d18221